British Citizenship Test - Statistics

General Stats
  • This quiz has been taken 78 times
  • The average score is 12 of 15
Answer Stats
Question Answer % Correct
The Bayeux Tapestry depicts the events of? Battle of Hastings
100%
What is a Cenotaph? War memorial
100%
Which author wrote Macbeth? William Shakspeare
100%
Who was the Prime Minister during WWII Winston Churchill
100%
Who is the current King/Queen 2023 King Charles III
93%
Which king had six wives? King Henry VIII
93%
When knighted by the Queen you are called as what? Sir
93%
The Norman invasion was led by who? William the Conquerer
93%
What does the abbreviation MSP's stand for? Members of the Scottish Parliament
87%
The Normans invaded in? 1066
80%
Who ruled Britain during WWII? King George VI
73%
Was Queen Elizabeth corinated in 1952? true
73%
Who is the most famous author from the UK? William Shakespeare
73%
Britain's crown colony which isn't apart of the UK. The channel islands
60%
How long do you have to be a resident to obtain a indefinite card? Eight years
20%
No matching quizzes found
Score Distribution
Percent of People with Each Score
Percentile by Number Answered
Your Score History
You have not taken this quiz